000 00567nam a2200181Ia 4500
003 GCL
008 140319s9999 xx 000 0 ara d
040 _aGCL /
_cGCL
082 0 4 _a205.7
_bع خ
100 1 _aعبدالمنعم احمد النمر
245 1 0 _aخواطر من الدين و الحياة /
_cعبدالمنعم احمد النمر
260 _a[S.N] :
_bدار الكتاب اللبنانى ،
_c1973
300 _a320 ص
490 _a
650 0 4 _aالدين والحياة
650 0 4 _aالحياة الاجتماعية
942 _2ddc
_cBK
999 _c49220
_d49220